[Event "XXVII MISTRZOSTWA WOJEWÓDZTWA PODLASKIEGO JUNIOREK DO LAT 12 - D12"]
[Site "Białystok, Poland"]
[Date "2025.05.31"]
[Round "5.1"]
[White "Dabrowska, Eliza"]
[Black "Kolosza, Luiza"]
[Result "1-0"]
[WhiteElo "1527"]
[BlackElo "1472"]

1. d4 {[%clk 00:30:58]} {[%emt 00:00:01]} c6 {[%clk 00:30:41]} {[%emt
00:00:20]} 2. e4 {[%clk 00:31:16]} {[%emt 00:00:12]} d5 {[%clk 00:31:00]}
{[%emt 00:00:10]} 3. exd5 {[%clk 00:31:37]} {[%emt 00:00:10]} cxd5 {[%clk
00:31:24]} {[%emt 00:00:06]} 4. Bd3 {[%clk 00:32:00]} {[%emt 00:00:07]} Nc6
{[%clk 00:31:45]} {[%emt 00:00:09]} 5. c3 {[%clk 00:32:23]} {[%emt 00:00:07]}
Nf6 {[%clk 00:32:04]} {[%emt 00:00:10]} 6. h3 {[%clk 00:32:43]} {[%emt
00:00:11]} Bd7 {[%clk 00:32:11]} {[%emt 00:00:23]} 7. Nf3 {[%clk 00:32:29]}
{[%emt 00:00:44]} e6 {[%clk 00:32:31]} {[%emt 00:00:10]} 8. O-O {[%clk
00:32:45]} {[%emt 00:00:15]} Bd6 {[%clk 00:32:46]} {[%emt 00:00:12]} 9. Bg5
{[%clk 00:32:49]} {[%emt 00:00:27]} O-O {[%clk 00:32:55]} {[%emt 00:00:21]} 10.
Nbd2 {[%clk 00:32:30]} {[%emt 00:00:50]} h6 {[%clk 00:32:56]} {[%emt 00:00:28]}
11. Bxf6 {[%clk 00:31:12]} {[%emt 00:01:49]} Qxf6 {[%clk 00:33:10]} {[%emt
00:00:15]} 12. Re1 {[%clk 00:27:44]} {[%emt 00:03:58]} Rfe8 {[%clk 00:32:51]}
{[%emt 00:00:48]} 13. Qb3 {[%clk 00:26:36]} {[%emt 00:01:38]} Rab8 {[%clk
00:32:27]} {[%emt 00:00:52]} 14. Nf1 {[%clk 00:21:12]} {[%emt 00:05:57]} a6
{[%clk 00:29:39]} {[%emt 00:03:16]} 15. N1h2 {[%clk 00:20:32]} {[%emt
00:01:12]} Bxh2+ {[%clk 00:29:27]} {[%emt 00:00:41]} 16. Kxh2 {[%clk 00:20:15]}
{[%emt 00:00:47]} Qf4+ {[%clk 00:28:57]} {[%emt 00:00:57]} 17. Kg1 {[%clk
00:20:36]} {[%emt 00:00:12]} e5 {[%clk 00:28:25]} {[%emt 00:01:01]} 18. dxe5
{[%clk 00:19:26]} {[%emt 00:01:41]} Nxe5 {[%clk 00:28:29]} {[%emt 00:00:25]} 19.
Nxe5 {[%clk 00:17:43]} {[%emt 00:02:13]} Rxe5 {[%clk 00:28:45]} {[%emt
00:00:14]} 20. Rxe5 {[%clk 00:17:33]} {[%emt 00:00:41]} Qxe5 {[%clk 00:28:58]}
{[%emt 00:00:16]} 21. Rd1 {[%clk 00:17:42]} {[%emt 00:00:22]} Qg5 {[%clk
00:28:56]} {[%emt 00:00:29]} 22. Kf1 {[%clk 00:16:47]} {[%emt 00:01:27]} Be6
{[%clk 00:26:39]} {[%emt 00:02:46]} 23. Qb6 {[%clk 00:14:38]} {[%emt 00:02:41]}
Qe7 {[%clk 00:25:59]} {[%emt 00:01:09]} 24. Bxa6 {[%clk 00:13:49]} {[%emt
00:01:20]} Qd7 {[%clk 00:23:03]} {[%emt 00:03:24]} 25. Bb5 {[%clk 00:13:37]}
{[%emt 00:00:44]} Qc8 {[%clk 00:22:20]} {[%emt 00:01:13]} 26. Qe3 {[%clk
00:13:23]} {[%emt 00:00:43]} Ra8 {[%clk 00:21:52]} {[%emt 00:00:59]} 27. a3
{[%clk 00:13:08]} {[%emt 00:00:45]} Qc7 {[%clk 00:18:50]} {[%emt 00:03:29]} 28.
Be2 {[%clk 00:12:29]} {[%emt 00:01:13]} Qh2 {[%clk 00:18:09]} {[%emt 00:01:06]}
29. Bf3 {[%clk 00:10:19]} {[%emt 00:02:44]} Rd8 {[%clk 00:16:54]} {[%emt
00:01:43]} 30. c4 {[%emt 00:03:30]} Qc7 {[%clk 00:13:24]} {[%emt 00:01:10]} 31.
Bxd5 {[%clk 00:09:40]} {[%emt 00:01:02]} Bxd5 {[%clk 00:13:27]} {[%emt
00:00:27]} 32. cxd5 {[%clk 00:09:41]} {[%emt 00:00:29]} Qc4+ {[%clk 00:13:35]}
{[%emt 00:00:20]} 33. Qd3 {[%clk 00:09:51]} {[%emt 00:00:21]} Qxd3+ {[%clk
00:13:39]} {[%emt 00:00:25]} 34. Rxd3 {[%clk 00:10:15]} {[%emt 00:00:07]} Kf8
{[%clk 00:14:06]} {[%emt 00:00:03]} 35. Ke2 {[%clk 00:10:08]} {[%emt 00:00:37]}
Ke7 {[%clk 00:14:32]} {[%emt 00:00:04]} 36. Ke3 {[%clk 00:10:30]} {[%emt
00:00:08]} Kd6 {[%clk 00:14:58]} {[%emt 00:00:03]} 37. Kd4 {[%clk 00:10:51]}
{[%emt 00:00:10]} Rc8 {[%clk 00:15:09]} {[%emt 00:00:17]} 38. Rd2 {[%clk
00:11:10]} {[%emt 00:00:12]} Rc5 {[%clk 00:15:21]} {[%emt 00:00:15]} 39. Ke4
{[%clk 00:11:21]} {[%emt 00:00:23]} g6 {[%clk 00:15:38]} {[%emt 00:00:11]} 40.
g4 {[%clk 00:10:31]} {[%emt 00:01:21]} Rc4+ {[%clk 00:15:38]} {[%emt 00:00:29]}
41. Ke3 {[%clk 00:08:50]} {[%emt 00:02:11]} Rc5 {[%clk 00:15:47]} {[%emt
00:00:23]} 42. f4 {[%clk 00:08:34]} {[%emt 00:00:46]} Rxd5 {[%clk 00:16:02]}
{[%emt 00:00:14]} 43. Rxd5+ {[%clk 00:08:59]} {[%emt 00:00:06]} Kxd5 {[%clk
00:16:25]} {[%emt 00:00:07]} 44. Kd3 {[%clk 00:09:25]} {[%emt 00:00:04]} b6
{[%clk 00:16:36]} {[%emt 00:00:18]} 45. b4 {[%clk 00:09:25]} {[%emt 00:00:31]}
b5 {[%clk 00:16:43]} {[%emt 00:00:23]} 46. Kc3 {[%clk 00:06:45]} {[%emt
00:03:10]} Ke4 {[%clk 00:16:54]} {[%emt 00:00:18]} 47. Kb3 {[%clk 00:07:13]}
{[%emt 00:00:03]} Kxf4 {[%clk 00:17:10]} {[%emt 00:00:12]} 48. a4 {[%clk
00:07:41]} {[%emt 00:00:03]} bxa4+ {[%clk 00:17:24]} {[%emt 00:00:15]} 49. Kxa4
{[%clk 00:08:08]} {[%emt 00:00:04]} Kg3 {[%clk 00:17:45]} {[%emt 00:00:07]} 50.
b5 {[%clk 00:08:35]} {[%emt 00:00:06]} f5 {[%clk 00:18:11]} {[%emt 00:00:02]}
51. gxf5 {[%clk 00:08:47]} {[%emt 00:00:18]} gxf5 {[%clk 00:18:35]} {[%emt
00:00:06]} 52. b6 {[%clk 00:09:13]} {[%emt 00:00:05]} f4 {[%clk 00:19:02]}
{[%emt 00:00:02]} 53. b7 {[%clk 00:09:41]} {[%emt 00:00:03]} f3 {[%clk
00:19:26]} {[%emt 00:00:05]} 54. b8=Q+ {[%clk 00:10:08]} {[%emt 00:00:05]} Kg2
{[%clk 00:19:49]} {[%emt 00:00:05]} 55. Qb7 {[%clk 00:09:34]} {[%emt 00:01:05]}
Kg3 {[%clk 00:19:53]} {[%emt 00:00:23]} 56. Qg7+ {[%clk 00:09:38]} {[%emt
00:00:28]} Kh2 {[%clk 00:20:03]} {[%emt 00:00:13]} 57. Qxh6 {[%clk 00:09:27]}
{[%emt 00:00:48]} f2 {[%clk 00:20:25]} {[%emt 00:00:07]} 58. Qd2 {[%clk
00:09:47]} {[%emt 00:00:10]} Kg1 {[%clk 00:20:39]} {[%emt 00:00:17]} 59. Qxf2+
{[%clk 00:10:03]} {[%emt 00:00:14]} 1-0

[Event "XXVII MISTRZOSTWA WOJEWÓDZTWA PODLASKIEGO JUNIOREK DO LAT 12 - D12"]
[Site "Białystok, Poland"]
[Date "2025.05.31"]
[Round "5.2"]
[White "Racis, Sara"]
[Black "Wojdakowska, Emilia"]
[Result "0-1"]
[WhiteElo "1433"]
[BlackElo "1480"]

1. e4 {[%clk 00:30:52]} {[%emt 00:00:07]} e5 {[%clk 00:30:23]} {[%emt
00:00:38]} 2. Nf3 {[%clk 00:31:16]} {[%emt 00:00:06]} Nc6 {[%clk 00:30:48]}
{[%emt 00:00:05]} 3. Bc4 {[%clk 00:31:39]} {[%emt 00:00:07]} Nf6 {[%clk
00:31:12]} {[%emt 00:00:05]} 4. d3 {[%clk 00:32:02]} {[%emt 00:00:07]} Bc5
{[%clk 00:31:38]} {[%emt 00:00:04]} 5. Bg5 {[%clk 00:32:23]} {[%emt 00:00:10]}
h6 {[%clk 00:32:01]} {[%emt 00:00:08]} 6. Bh4 {[%clk 00:32:48]} {[%emt
00:00:04]} g5 {[%clk 00:32:12]} {[%emt 00:00:18]} 7. Bg3 {[%clk 00:33:07]}
{[%emt 00:00:10]} d6 {[%clk 00:32:10]} {[%emt 00:00:34]} 8. Nc3 {[%clk
00:33:22]} {[%emt 00:00:15]} Bg4 {[%clk 00:32:02]} {[%emt 00:00:37]} 9. Bb5
{[%clk 00:33:06]} {[%emt 00:00:47]} Bd7 {[%clk 00:28:51]} {[%emt 00:03:39]} 10.
d4 {[%clk 00:32:37]} {[%emt 00:01:00]} exd4 {[%clk 00:27:53]} {[%emt 00:01:28]}
11. Nd5 {[%clk 00:31:31]} {[%emt 00:01:36]} Nxd5 {[%clk 00:23:11]} {[%emt
00:05:12]} 12. exd5 {[%clk 00:31:48]} {[%emt 00:00:13]} Qe7+ {[%clk 00:22:38]}
{[%emt 00:01:03]} 13. Qe2 {[%clk 00:32:00]} {[%emt 00:00:18]} Qxe2+ {[%clk
00:22:58]} {[%emt 00:00:10]} 14. Bxe2 {[%clk 00:32:21]} {[%emt 00:00:08]} Nb4
{[%clk 00:22:11]} {[%emt 00:01:17]} 15. Bd1 {[%clk 00:31:26]} {[%emt 00:01:25]}
Nxd5 {[%clk 00:22:03]} {[%emt 00:00:39]} 16. O-O {[%clk 00:31:39]} {[%emt
00:00:17]} O-O-O {[%clk 00:22:28]} {[%emt 00:00:05]} 17. Re1 {[%clk 00:31:28]}
{[%emt 00:00:41]} Rhe8 {[%clk 00:22:34]} {[%emt 00:00:24]} 18. Be2 {[%clk
00:31:20]} {[%emt 00:00:37]} f5 {[%clk 00:15:42]} {[%emt 00:07:22]} 19. h4
{[%clk 00:29:49]} {[%emt 00:02:02]} f4 {[%clk 00:15:32]} {[%emt 00:00:40]} 20.
Bh2 {[%clk 00:30:08]} {[%emt 00:00:10]} g4 {[%clk 00:13:55]} {[%emt 00:02:08]}
21. Nd2 {[%clk 00:29:55]} {[%emt 00:00:43]} Bb4 {[%clk 00:12:56]} {[%emt
00:01:29]} 22. Bc4 {[%clk 00:28:10]} {[%emt 00:02:14]} Rxe1+ {[%clk 00:12:12]}
{[%emt 00:01:14]} 23. Rxe1 {[%clk 00:28:35]} {[%emt 00:00:05]} Bxd2 {[%clk
00:12:33]} {[%emt 00:00:10]} 24. Rd1 {[%clk 00:28:47]} {[%emt 00:00:18]} Nb6
{[%clk 00:12:40]} {[%emt 00:00:24]} 25. Rxd2 {[%clk 00:28:48]} {[%emt
00:00:28]} Nxc4 {[%clk 00:12:58]} {[%emt 00:00:13]} 26. Rxd4 {[%clk 00:29:01]}
{[%emt 00:00:17]} Nb6 {[%clk 00:09:24]} {[%emt 00:04:03]} 27. Bxf4 {[%clk
00:28:43]} {[%emt 00:00:47]} h5 {[%clk 00:09:40]} {[%emt 00:00:15]} 28. g3
{[%clk 00:28:35]} {[%emt 00:00:38]} Re8 {[%clk 00:09:49]} {[%emt 00:00:19]} 29.
Be3 {[%clk 00:28:28]} {[%emt 00:00:38]} Bc6 {[%clk 00:09:14]} {[%emt 00:01:06]}
30. b3 {[%clk 00:23:31]} {[%emt 00:05:26]} Nd7 {[%clk 00:08:43]} {[%emt
00:01:01]} 31. Rf4 {[%clk 00:23:17]} {[%emt 00:00:43]} Ne5 {[%clk 00:08:35]}
{[%emt 00:00:39]} 32. Kf1 {[%clk 00:22:25]} {[%emt 00:01:22]} Bd7 {[%clk
00:07:07]} {[%emt 00:01:55]} 33. Rf6 {[%clk 00:21:07]} {[%emt 00:01:50]} Rh8
{[%clk 00:05:09]} {[%emt 00:02:21]} 34. Bd4 {[%clk 00:20:39]} {[%emt 00:01:06]}
Nc6 {[%clk 00:02:17]} {[%emt 00:03:23]} 35. Rxd6 {[%clk 00:20:30]} {[%emt
00:00:39]} cxd6 {[%clk 00:02:40]} {[%emt 00:00:07]} 36. Bxh8 {[%clk 00:20:51]}
{[%emt 00:00:09]} Nb4 {[%clk 00:03:05]} {[%emt 00:00:05]} 37. c3 {[%clk
00:19:15]} {[%emt 00:02:06]} Nxa2 {[%clk 00:03:18]} {[%emt 00:00:17]} 38. b4
{[%clk 00:19:02]} {[%emt 00:00:43]} Nc1 {[%clk 00:03:39]} {[%emt 00:00:09]} 39.
Ke1 {[%clk 00:19:16]} {[%emt 00:00:16]} Nd3+ {[%clk 00:03:40]} {[%emt
00:00:21]} 40. Ke2 {[%clk 00:19:05]} {[%emt 00:00:45]} Ne5 {[%clk 00:03:56]}
{[%emt 00:00:18]} 41. Bxe5 {[%clk 00:19:14]} {[%emt 00:00:20]} dxe5 {[%clk
00:04:21]} {[%emt 00:00:06]} 42. Kd3 {[%clk 00:19:37]} {[%emt 00:00:07]} Kc7
{[%clk 00:04:46]} {[%emt 00:00:06]} 43. Ke4 {[%clk 00:19:47]} {[%emt 00:00:19]}
Kd6 {[%clk 00:05:10]} {[%emt 00:00:05]} 44. c4 {[%clk 00:19:26]} {[%emt
00:00:52]} b6 {[%clk 00:05:25]} {[%emt 00:00:16]} 45. c5+ {[%clk 00:19:06]}
{[%emt 00:00:49]} bxc5 {[%clk 00:05:42]} {[%emt 00:00:13]} 46. bxc5+ {[%clk
00:19:27]} {[%emt 00:00:09]} Ke6 {[%clk 00:06:06]} {[%emt 00:00:06]} 47. f4
{[%clk 00:19:32]} {[%emt 00:00:25]} gxf3 {[%clk 00:06:14]} {[%emt 00:00:22]} 48.
Kxf3 {[%clk 00:19:54]} {[%emt 00:00:08]} Kf5 {[%clk 00:06:36]} {[%emt
00:00:08]} 49. Kf2 {[%clk 00:20:11]} {[%emt 00:00:12]} a5 {[%clk 00:06:59]}
{[%emt 00:00:08]} 50. g4+ {[%clk 00:20:28]} {[%emt 00:00:13]} hxg4 {[%clk
00:07:24]} {[%emt 00:00:06]} 51. h5 {[%clk 00:20:53]} {[%emt 00:00:04]} a4
{[%clk 00:07:33]} {[%emt 00:00:21]} 52. h6 {[%clk 00:21:18]} {[%emt 00:00:04]}
Kg6 {[%clk 00:07:57]} {[%emt 00:00:06]} 53. h7 {[%clk 00:21:36]} {[%emt
00:00:12]} Kxh7 {[%clk 00:08:23]} {[%emt 00:00:04]} 54. Kg3 {[%clk 00:22:01]}
{[%emt 00:00:05]} a3 {[%clk 00:08:45]} {[%emt 00:00:08]} 55. c6 {[%clk
00:22:27]} {[%emt 00:00:04]} Bxc6 {[%clk 00:09:10]} {[%emt 00:00:05]} 56. Kxg4
{[%clk 00:22:51]} {[%emt 00:00:06]} a2 {[%clk 00:09:33]} {[%emt 00:00:07]} 57.
Kf5 {[%clk 00:23:14]} {[%emt 00:00:07]} a1=Q {[%clk 00:09:49]} {[%emt
00:00:13]} 58. Ke6 {[%clk 00:23:34]} {[%emt 00:00:10]} Kg7 {[%clk 00:10:02]}
{[%emt 00:00:17]} 59. Kd6 {[%clk 00:23:55]} {[%emt 00:00:08]} e4 {[%clk
00:10:12]} {[%emt 00:00:21]} 60. Kc5 {[%clk 00:24:14]} {[%emt 00:00:11]} e3
{[%clk 00:10:36]} {[%emt 00:00:06]} 61. Kc4 {[%clk 00:24:37]} {[%emt 00:00:06]}
e2 {[%clk 00:10:58]} {[%emt 00:00:08]} 62. Kd3 {[%clk 00:24:42]} {[%emt
00:00:25]} e1=Q {[%clk 00:11:16]} {[%emt 00:00:13]} 63. Kc2 {[%clk 00:25:02]}
{[%emt 00:00:09]} Qec3# {[%clk 00:11:40]} {[%emt 00:00:07]} 0-1

[Event "XXVII MISTRZOSTWA WOJEWÓDZTWA PODLASKIEGO JUNIOREK DO LAT 12 - D12"]
[Site "Białystok, Poland"]
[Date "2025.05.31"]
[Round "6.2"]
[White "Kolosza, Luiza"]
[Black "Racis, Sara"]
[Result "0-1"]
[WhiteElo "1472"]
[BlackElo "1433"]

1. d4 {[%clk 00:30:50]} {[%emt 00:00:09]} d5 {[%clk 00:30:48]} {[%emt
00:00:12]} 2. Nf3 {[%clk 00:31:04]} {[%emt 00:00:15]} Nc6 {[%clk 00:31:11]}
{[%emt 00:00:08]} 3. c4 {[%clk 00:31:24]} {[%emt 00:00:09]} e6 {[%emt
00:00:21]} 4. Nc3 {[%clk 00:31:43]} {[%emt 00:00:07]} Nf6 {[%clk 00:31:43]}
{[%emt 00:00:13]} 5. Bg5 {[%clk 00:31:57]} {[%emt 00:00:14]} Be7 {[%clk
00:31:35]} {[%emt 00:00:39]} 6. e3 {[%clk 00:32:04]} {[%emt 00:00:22]} h6
{[%clk 00:31:04]} {[%emt 00:01:03]} 7. Bh4 {[%clk 00:32:27]} {[%emt 00:00:06]}
O-O {[%clk 00:30:23]} {[%emt 00:01:13]} 8. Bd3 {[%clk 00:32:47]} {[%emt
00:00:09]} Nd7 {[%clk 00:29:37]} {[%emt 00:01:16]} 9. Bxe7 {[%clk 00:32:45]}
{[%emt 00:00:30]} Qxe7 {[%clk 00:29:40]} {[%emt 00:00:29]} 10. cxd5 {[%clk
00:32:54]} {[%emt 00:00:20]} exd5 {[%clk 00:29:35]} {[%emt 00:00:37]} 11. Nxd5
{[%clk 00:32:57]} {[%emt 00:00:26]} Qd6 {[%clk 00:29:29]} {[%emt 00:00:36]} 12.
Nc3 {[%clk 00:32:03]} {[%emt 00:01:21]} Nb4 {[%clk 00:28:56]} {[%emt 00:01:06]}
13. O-O {[%clk 00:31:58]} {[%emt 00:00:35]} Nxd3 {[%clk 00:28:47]} {[%emt
00:00:39]} 14. Qxd3 {[%clk 00:32:16]} {[%emt 00:00:12]} Nb6 {[%clk 00:28:39]}
{[%emt 00:00:38]} 15. Ne5 {[%clk 00:31:09]} {[%emt 00:01:36]} Be6 {[%clk
00:27:36]} {[%emt 00:01:34]} 16. Rac1 {[%clk 00:30:36]} {[%emt 00:01:00]} Rfd8
{[%clk 00:25:51]} {[%emt 00:02:17]} 17. Nb5 {[%clk 00:29:39]} {[%emt 00:01:22]}
Qxe5 {[%clk 00:25:57]} {[%emt 00:00:30]} 18. Nxc7 {[%clk 00:29:21]} {[%emt
00:00:47]} Rac8 {[%clk 00:25:25]} {[%emt 00:01:03]} 19. Nxe6 {[%clk 00:29:20]}
{[%emt 00:00:30]} Qxe6 {[%clk 00:25:45]} {[%emt 00:00:12]} 20. a3 {[%clk
00:28:58]} {[%emt 00:00:51]} Rxc1 {[%clk 00:24:34]} {[%emt 00:01:42]} 21. Rxc1
{[%clk 00:29:20]} {[%emt 00:00:07]} Rc8 {[%clk 00:24:52]} {[%emt 00:00:13]} 22.
Rb1 {[%clk 00:28:52]} {[%emt 00:00:54]} Qc6 {[%clk 00:23:30]} {[%emt 00:01:55]}
23. h3 {[%clk 00:29:11]} {[%emt 00:00:10]} Qc2 {[%clk 00:23:22]} {[%emt
00:00:38]} 24. Qf1 {[%clk 00:29:17]} {[%emt 00:00:24]} Rc6 {[%clk 00:22:27]}
{[%emt 00:01:26]} 25. b4 {[%clk 00:27:23]} {[%emt 00:02:20]} Rc3 {[%clk
00:21:06]} {[%emt 00:01:55]} 26. Ra1 {[%clk 00:27:10]} {[%emt 00:00:41]} Qa4
{[%clk 00:20:44]} {[%emt 00:00:54]} 27. Qd1 {[%clk 00:22:43]} {[%emt 00:04:56]}
Qxd1+ {[%clk 00:20:49]} {[%emt 00:00:26]} 28. Rxd1 {[%clk 00:23:02]} {[%emt
00:00:10]} Rxa3 {[%clk 00:21:12]} {[%emt 00:00:08]} 29. Rb1 {[%clk 00:22:57]}
{[%emt 00:00:33]} Nd5 {[%clk 00:20:01]} {[%emt 00:01:43]} 30. f3 {[%clk
00:22:55]} {[%emt 00:00:28]} Rxe3 {[%clk 00:19:53]} {[%emt 00:00:42]} 0-1

[Event "XXVII MISTRZOSTWA WOJEWÓDZTWA PODLASKIEGO JUNIOREK DO LAT 12 - D12"]
[Site "Białystok, Poland"]
[Date "2025.05.31"]
[Round "6.3"]
[White "Saliuk, Maryia"]
[Black "Dabrowska, Eliza"]
[Result "0-1"]
[WhiteElo "1635"]
[BlackElo "1527"]

1. f4 {[%clk 00:30:58]} d5 {[%clk 00:30:51]} {[%emt 00:00:09]} 2. Nf3 {[%clk
00:31:24]} {[%emt 00:00:05]} Nf6 {[%clk 00:31:11]} {[%emt 00:00:10]} 3. e3
{[%clk 00:31:48]} {[%emt 00:00:05]} c5 {[%clk 00:31:15]} {[%emt 00:00:27]} 4.
b3 {[%clk 00:32:13]} {[%emt 00:00:05]} Bg4 {[%clk 00:31:26]} {[%emt 00:00:19]}
5. Bb2 {[%clk 00:32:35]} {[%emt 00:00:07]} e6 {[%clk 00:31:39]} {[%emt
00:00:17]} 6. Bb5+ {[%clk 00:32:56]} {[%emt 00:00:08]} Nc6 {[%clk 00:31:55]}
{[%emt 00:00:15]} 7. d3 {[%clk 00:33:05]} {[%emt 00:00:22]} Qa5+ {[%clk
00:30:54]} {[%emt 00:01:31]} 8. Qd2 {[%clk 00:26:00]} {[%emt 00:07:35]} Qxb5
{[%clk 00:30:50]} {[%emt 00:00:35]} 9. Ne5 {[%clk 00:26:21]} {[%emt 00:00:08]}
Nxe5 {[%clk 00:29:31]} {[%emt 00:01:49]} 10. Bxe5 {[%clk 00:26:43]} {[%emt
00:00:08]} Nd7 {[%clk 00:29:03]} {[%emt 00:00:58]} 11. Bc3 {[%clk 00:25:36]}
{[%emt 00:01:37]} f6 {[%clk 00:27:58]} {[%emt 00:01:35]} 12. h3 {[%clk
00:25:42]} {[%emt 00:00:23]} Bh5 {[%clk 00:28:23]} {[%emt 00:00:05]} 13. g4
{[%clk 00:26:09]} {[%emt 00:00:04]} Bf7 {[%clk 00:28:37]} {[%emt 00:00:16]} 14.
h4 {[%clk 00:24:47]} {[%emt 00:01:52]} Qc6 {[%clk 00:27:52]} {[%emt 00:01:15]}
15. Rg1 {[%clk 00:25:04]} {[%emt 00:00:12]} Bd6 {[%clk 00:27:54]} {[%emt
00:00:28]} 16. g5 {[%clk 00:25:20]} {[%emt 00:00:15]} O-O-O {[%clk 00:26:54]}
{[%emt 00:01:30]} 17. a4 {[%clk 00:24:21]} {[%emt 00:01:29]} e5 {[%clk
00:26:53]} {[%emt 00:00:31]} 18. Na3 {[%clk 00:22:42]} {[%emt 00:02:08]} d4
{[%clk 00:27:05]} {[%emt 00:00:18]} 19. exd4 {[%clk 00:21:24]} {[%emt
00:01:48]} exd4 {[%clk 00:27:15]} {[%emt 00:00:21]} 20. Bb2 {[%clk 00:21:51]}
{[%emt 00:00:04]} Rde8+ {[%clk 00:27:14]} {[%emt 00:00:31]} 21. Kd1 {[%clk
00:22:15]} {[%emt 00:00:06]} Qf3+ {[%clk 00:27:35]} {[%emt 00:00:08]} 22. Kc1
{[%clk 00:22:31]} {[%emt 00:00:14]} Bxf4 {[%clk 00:27:58]} {[%emt 00:00:07]} 23.
Nc4 {[%clk 00:22:47]} {[%emt 00:00:15]} Bxd2+ {[%clk 00:28:17]} {[%emt
00:00:11]} 24. Nxd2 {[%clk 00:23:12]} {[%emt 00:00:04]} Qe3 {[%clk 00:28:32]}
{[%emt 00:00:15]} 25. Kb1 {[%clk 00:23:35]} {[%emt 00:00:07]} Qxg1+ {[%clk
00:28:55]} {[%emt 00:00:07]} 26. Ka2 {[%clk 00:24:00]} {[%emt 00:00:06]} Qf2
{[%clk 00:29:03]} {[%emt 00:00:22]} 27. Ne4 {[%clk 00:24:20]} {[%emt 00:00:10]}
Qxc2 {[%clk 00:29:20]} {[%emt 00:00:13]} 28. Nd6+ {[%clk 00:24:46]} {[%emt
00:00:03]} Kb8 {[%clk 00:29:29]} {[%emt 00:00:21]} 29. Nxf7 {[%clk 00:25:12]}
{[%emt 00:00:04]} Rhf8 {[%clk 00:29:43]} {[%emt 00:00:16]} 30. Nd6 {[%clk
00:25:38]} {[%emt 00:00:04]} Re2 {[%clk 00:29:59]} {[%emt 00:00:15]} 31. Nc4
{[%clk 00:26:02]} {[%emt 00:00:05]} Ne5 {[%clk 00:29:53]} {[%emt 00:00:36]} 32.
Rb1 {[%clk 00:26:28]} {[%emt 00:00:05]} Nxc4 {[%clk 00:30:14]} {[%emt
00:00:09]} 33. dxc4 {[%clk 00:26:55]} {[%emt 00:00:02]} d3 {[%clk 00:30:33]}
{[%emt 00:00:11]} 34. gxf6 {[%clk 00:27:20]} {[%emt 00:00:05]} gxf6 {[%clk
00:30:56]} {[%emt 00:00:07]} 35. h5 {[%clk 00:27:46]} {[%emt 00:00:04]} d2
{[%clk 00:31:21]} {[%emt 00:00:06]} 36. h6 {[%clk 00:28:13]} {[%emt 00:00:03]}
d1=Q {[%clk 00:31:40]} {[%emt 00:00:12]} 37. a5 {[%clk 00:28:35]} {[%emt
00:00:07]} Qdxb1+ {[%clk 00:32:03]} {[%emt 00:00:08]} 38. Ka3 {[%clk 00:29:02]}
{[%emt 00:00:03]} Qcxb2+ {[%clk 00:32:25]} {[%emt 00:00:07]} 39. Ka4 {[%clk
00:29:27]} {[%emt 00:00:04]} 0-1

[Event "XXVII MISTRZOSTWA WOJEWÓDZTWA PODLASKIEGO JUNIOREK DO LAT 12 - D12"]
[Site "Białystok, Poland"]
[Date "2025.05.31"]
[Round "7.1"]
[White "Racis, Sara"]
[Black "Saliuk, Maryia"]
[Result "0-1"]
[WhiteElo "1433"]
[BlackElo "1635"]

1. e4 {[%clk 00:30:58]} {[%emt 00:00:02]} e5 {[%clk 00:30:56]} {[%emt
00:00:05]} 2. Nf3 {[%clk 00:31:23]} {[%emt 00:00:04]} Qe7 {[%clk 00:31:24]}
{[%emt 00:00:03]} 3. Nc3 {[%clk 00:31:38]} {[%emt 00:00:15]} c6 {[%clk
00:31:51]} {[%emt 00:00:02]} 4. d3 {[%clk 00:31:32]} {[%emt 00:00:36]} h6
{[%clk 00:32:17]} {[%emt 00:00:04]} 5. Be2 {[%clk 00:31:36]} {[%emt 00:00:26]}
d6 {[%clk 00:32:42]} {[%emt 00:00:05]} 6. h3 {[%clk 00:31:43]} {[%emt
00:00:22]} Nf6 {[%clk 00:33:09]} {[%emt 00:00:04]} 7. O-O {[%clk 00:31:55]}
{[%emt 00:00:18]} g5 {[%clk 00:33:35]} {[%emt 00:00:04]} 8. Be3 {[%clk
00:30:19]} {[%emt 00:02:06]} g4 {[%clk 00:33:58]} {[%emt 00:00:07]} 9. Nh2
{[%clk 00:29:49]} {[%emt 00:00:59]} gxh3 {[%clk 00:34:11]} {[%emt 00:00:17]} 10.
g3 {[%clk 00:30:06]} {[%emt 00:00:14]} Rg8 {[%clk 00:32:38]} {[%emt 00:02:03]}
11. Qd2 {[%clk 00:29:30]} {[%emt 00:01:06]} Ng4 {[%clk 00:18:00]} {[%emt
00:15:08]} 12. Nxg4 {[%clk 00:27:29]} {[%emt 00:02:30]} Bxg4 {[%clk 00:18:26]}
{[%emt 00:00:05]} 13. Bxh6 {[%clk 00:27:31]} {[%emt 00:00:28]} Bxe2 {[%clk
00:18:38]} {[%emt 00:00:17]} 14. Nxe2 {[%clk 00:27:44]} {[%emt 00:00:18]} Qf6
{[%clk 00:18:49]} {[%emt 00:00:18]} 15. Be3 {[%clk 00:25:06]} {[%emt 00:03:09]}
Qf3 {[%clk 00:19:03]} {[%emt 00:00:13]} 16. Nf4 {[%clk 00:24:38]} {[%emt
00:01:01]} exf4 {[%clk 00:19:26]} {[%emt 00:00:07]} 17. Bxf4 {[%clk 00:24:55]}
{[%emt 00:00:13]} Qg2# {[%clk 00:19:52]} {[%emt 00:00:04]} 0-1